Sports Quiz

Random Sports or Asia Quiz

AFC Quiz Stats

 Plays Quiz not verified by Sporcle

Also try: MLB Stadiums
Challenge
Share
Tweet
Embed
Score 0/46 Timer 06:00
0 Plays Today
Region National Team % Correct
Southeast Asian Football FederationAustralia
100%
East Asian Football FederationChina
100%
East Asian Football FederationJapan
100%
East Asian Football FederationKorea DPR
100%
East Asian Football FederationKorea Republic
100%
West Asian Football FederationIran
100%
West Asian Football FederationSaudi Arabia
100%
South-central Asian Football FederationIndia
96.2%
West Asian Football FederationIraq
96.2%
Southeast Asian Football FederationIndonesia
92.3%
Southeast Asian Football FederationThailand
88.5%
Southeast Asian Football FederationVietnam
88.5%
South-central Asian Football FederationBhutan
88.5%
South-central Asian Football FederationPakistan
88.5%
South-central Asian Football FederationSri Lanka
88.5%
South-central Asian Football FederationUzbekistan
88.5%
West Asian Football FederationKuwait
88.5%
Southeast Asian Football FederationBrunei
84.6%
South-central Asian Football FederationBangladesh
84.6%
South-central Asian Football FederationTurkmenistan
84.6%
West Asian Football FederationLebanon
84.6%
West Asian Football FederationQatar
84.6%
West Asian Football FederationYemen
84.6%
Region National Team % Correct
Southeast Asian Football FederationCambodia
80.8%
Southeast Asian Football FederationMalaysia
80.8%
East Asian Football FederationMongolia
80.8%
South-central Asian Football FederationAfghanistan
80.8%
West Asian Football FederationJordan
80.8%
West Asian Football FederationOman
80.8%
Southeast Asian Football FederationLaos
76.9%
Southeast Asian Football FederationMyanmar
76.9%
Southeast Asian Football FederationSingapore
76.9%
South-central Asian Football FederationNepal
76.9%
South-central Asian Football FederationKyrgyzstan
76.9%
West Asian Football FederationBahrain
76.9%
West Asian Football FederationSyria
76.9%
Southeast Asian Football FederationPhilippines
73.1%
South-central Asian Football FederationMaldives
73.1%
South-central Asian Football FederationTajikistan
73.1%
West Asian Football FederationPalestine
73.1%
Southeast Asian Football FederationTimor-Leste
69.2%
West Asian Football FederationUnited Arab Emirates
69.2%
East Asian Football FederationChinese Taipei
65.4%
East Asian Football FederationHong Kong
57.7%
East Asian Football FederationMacau
50%
East Asian Football FederationGuam
34.6%

You're not logged in!

Compare scores with friends on all Sporcle quizzes.
OR
Log In

You Might Also Like...

Show Comments

Extras

Top Quizzes Today


Score Distribution

Your Account Isn't Verified!

In order to create a playlist on Sporcle, you need to verify the email address you used during registration. Go to your Sporcle Settings to finish the process.

Report this User

Report this user for behavior that violates our Community Guidelines.

Details: